Oxford handbook of practical drug therapy / (Record no. 9968)
[ view plain ]
| 000 -LEADER | |
|---|---|
| fixed length control field | 00766nam a22002412 4500 |
| 001 - CONTROL NUMBER | |
| control field | 0000023764 |
| 005 - DATE AND TIME OF LATEST TRANSACTION | |
| control field | 20151217152248.0 |
| 008 - FIXED-LENGTH DATA ELEMENTS--GENERAL INFORMATION | |
| fixed length control field | 130322s xx 000 0 eng d |
| 020 ## - INTERNATIONAL STANDARD BOOK NUMBER | |
| International Standard Book Number | 0198530077 : |
| 040 ## - CATALOGING SOURCE | |
| Original cataloging agency | KABU |
| Transcribing agency | KABU |
| 100 1# - MAIN ENTRY--PERSONAL NAME | |
| Personal name | Richards, Dunca. |
| -- | 0000183460 |
| 245 10 - TITLE STATEMENT | |
| Title | Oxford handbook of practical drug therapy / |
| Statement of responsibility, etc. | Duncan Richards, Jeffrey Aronson. |
| 250 ## - EDITION STATEMENT | |
| Edition statement | 1st ed. |
| 260 ## - PUBLICATION, DISTRIBUTION, ETC. (IMPRINT) | |
| Place of publication, distribution, etc. | Oxford : |
| Name of publisher, distributor, etc. | O. U. P., |
| Date of publication, distribution, etc. | 2005. |
| 300 ## - PHYSICAL DESCRIPTION | |
| Extent | xix, 699 p. |
| 650 #0 - SUBJECT ADDED ENTRY--TOPICAL TERM | |
| Topical term or geographic name as entry element | Drugs |
| Form subdivision | Handbooks, manuals, etc. |
| General subdivision | Prescribing. |
| -- | 0000183461 |
| 650 #0 - SUBJECT ADDED ENTRY--TOPICAL TERM | |
| Topical term or geographic name as entry element | Chemotherapy. |
| -- | 0000180291 |
| 650 #0 - SUBJECT ADDED ENTRY--TOPICAL TERM | |
| Topical term or geographic name as entry element | Parmacology. |
| -- | 0000183462 |
| 700 1# - ADDED ENTRY--PERSONAL NAME | |
| Personal name | Aronson, Jeffrey. |
| -- | 0000183463 |
| 852 1# - LOCATION | |
| -- | p2795 KES |
| 908 ## - PUT COMMAND PARAMETER (RLIN) | |
| Put command parameter | 130322 |
| 950 ## - LOCAL HOLDINGS (RLIN) | |
| -- | 1 |
| Withdrawn status | Lost status | Source of classification or shelving scheme | Not for loan | Home library | Current library | Date acquired | Total Checkouts | Total Renewals | Full call number | Barcode | Date last seen | Date last checked out | Price effective from | Koha item type |
|---|---|---|---|---|---|---|---|---|---|---|---|---|---|---|
| Library of Congress Classification | Kabarak, Main Campus | Kabarak, Main Campus | 17/12/2015 | 28 | 8 | RM138 .R53 2005 c. 1 | 014604 | 18/02/2026 | 02/02/2026 | 17/12/2015 | General Collection |